000 00376 a2200157 4500
003 Nust
005 20170207153143.0
040 _cNust
082 _a891.439
100 _aYousafi Ahmed,Mushtaq
245 _aChragh Talye
_cMushtaq Ahmed Yousafi
260 _aKarachi
_bMuktiba Dynial
_c1994
300 _a182:p
538 _aAmirah No.37 and Shelf No.3
650 _aUrdu literature
942 _2ddc
_cBK
999 _c180194
_d180194